000 00914nam a22002777a 4500
001 BR8403735
003 BR-BrBNA
005 20230928092000.0
007 ta
008 230509b bl.||||| |||| 00| 0 por d
040 _aBR-BrBNA
_bpor
_cBiblioteca Nacional de Agricultura
041 _a(Por)
072 _aC00; F00; L00
090 _ C00 BR8403735
100 1 _aPereira, M.N. (ed.)
110 1 _aAssociacao Riograndense de Empreendimentos de Assistencia Tecnica e Extensao Rural, Porto Alegre, RS (Brasil)
245 1 _aCalendario de acoes de divulgacao de praticas agropecuarias. Um auxilio para a planificacao do uso dos meios de comunicacao de massa
260 3 _aPorto Alegre, RS (Brasil):
_c1984.
300 _a17 p.
500 _aNumerical data
650 _aCALENDARIO AGRICOLA
650 _aEXTENSAO RURAL
650 _aCOMUNICACAO
909 _a202309
_bLucia
_c55
_dLucia Elande
942 _cBK
999 _c36537
_d36537